| 000 | 00392nam a2200145Ia 4500 | ||
|---|---|---|---|
| 008 | 150201s2001 xx 000 0 und d | ||
| 082 |
_a617.64 _bC2001P |
||
| 100 | _aPROFFIT,WILLIAM | ||
| 245 | _aCONTEMPORARY ORTHODONTICS | ||
| 250 | _a3RD | ||
| 260 |
_bHARCOURT INDIA PRIVATE LIMITED _aGREATER KAILASH -2 ( NEW DELHI) _c2001 |
||
| 300 | _a1-742 | ||
| 650 | _aORTHODONTICS | ||
| 942 |
_2ddc _cBK |
||
| 999 |
_c2695 _d2695 |
||